000 01189nam a2200337 i 4500
001 000020650
003 DO-SdBNP
005 20251219075202.0
007 ta
008 081212s2017 dr 000 0 spa d
020 _a9789945600995
040 _aDO-SdBNP
_bspa
_cBNPHU
_erda
041 _aspa
082 _a303.483
_bM559d
_222
100 1 _aMerejo, Andrés
_eautor
_9469
245 1 3 _aLa dominicanidad transida :
_bentre lo virtual y lo real /
_cAndrés Merejo.
264 _aSanto Domingo :
_bSantuario,
_c2017.
300 _a237 páginas ;
_c24 cm.
336 _ardacontent
_btexto
_2txt
337 _ardamedia
_bsin mediación
_2n
338 _ardacarrier
_bvolumen
_2nc
500 _aIncluye datos biográficos del autor en la solapa de la cubierta
500 0 _aLa cotidianidad transida del dominicano --
590 _aInventariado, 2020/VM
650 4 _aTecnología de la información
_xAspectos sociales
_943389
650 4 _aRedes sociales
_zRepública Dominicana
_943390
650 4 _aInternet
_xAspectos sociales
_zRepública Dominicna
_943391
650 4 _aInternet internet
_xAspectos políticos
_zRepública Dominicana
_943392
910 _aVMateo
942 _2ddc
_cLBS1
999 _c20154
_d20154